Statistics for Largest U.S. Wireless Providers

Click here to take the quiz!

General Stats

  • This quiz has been taken 21 times
  • The average score is 4 of 5

Answer Stats

SubscribersWireless Provider% Correct
146.0 millionVerizon Wireless
100%
142.2 millionAT&T Mobility
94%
59.7 millionSprint Corporation
89%
72.6 millionT-Mobile US
78%
5 millionU.S. Cellular
17%

Score Distribution

Percentile by Number Answered

Percent of People with Each Score

Your Score History

You have not taken this quiz